00907 2200217 4500001002100000005001500021008004100036020001500077035001900092041000800111082001100119084001700130100002100147245005200168250001100220260004800231300002700279500002000306504001600326520034700342INLIS00000000000056220200508201046200508||||||||| | ||| |||| ||ind|| a9799023440 0010-0520000562 aind0 a001.03 a001.03/BAC/M0 aDianto Bachriadi00aMerampas Tanah Rakyat : Kasus Tapos dan Cimacan aCet. 1 aJakartabkepustakaan populer Gramediac2001 axix,303p.;21 cmc21 cm aIndeks : Indeks aBibliografi aDemi memenuhi ambisi Presiden Soeharto untuk memiliki sebuah peternakan modern (ranch), PT Rejo sari Bumi merampas lahan petani di tapos pada 1971. Sebagian besar saham perusahaan tersebut dimiliki oleh anak-anak soeharto. Pada 1987 lahan petani di Cimacan dirampas oleh PT Bandung Asri Mulia untuk dijadikan lapangan golf dan kawasan wisata.